| Tag |
First Indicator |
Second Indicator |
Subfields |
| LEADER |
00000cam a2200000Ia 4500 |
| 001 |
in00002575798 |
| 005 |
20210727090400.0 |
| 006 |
m d |
| 007 |
cr cn| |
| 008 |
100323s2010 ne sb 001 0 eng d |
| 020 |
|
|
|a 9048133890
|
| 020 |
|
|
|a 9789048133895
|
| 035 |
|
|
|a (OCoLC)567369720
|
| 035 |
|
|
|a (OCoLC)ocn567369720
|
| 035 |
|
|
|a 3706695
|
| 037 |
|
|
|a 978-90-481-3388-8
|b Springer
|n http://www.springerlink.com
|
| 040 |
|
|
|a GW5XE
|b eng
|c GW5XE
|d UtOrBLW
|
| 043 |
|
|
|a as-----
|a p------
|
| 049 |
|
|
|a TXAC
|
| 050 |
|
4 |
|a HM1271
|b .B686 2010
|
| 082 |
0 |
4 |
|a 305.6091823
|2 22
|
| 100 |
1 |
|
|a Bouma, Gary D.
|0 http://id.loc.gov/authorities/names/n85372843
|
| 245 |
1 |
0 |
|a Religious diversity in Southeast Asia and the Pacific :
|b national case studies /
|c Gary D. Bouma, Rod Ling, Douglas Pratt.
|
| 264 |
|
1 |
|a Dordrecht [Netherlands] ;
|a London :
|b Springer,
|c [2010]
|
| 264 |
|
4 |
|c ©2010
|
| 300 |
|
|
|a xx, 270 pages
|
| 336 |
|
|
|a text
|b txt
|2 rdacontent
|
| 337 |
|
|
|a computer
|b c
|2 rdamedia
|
| 338 |
|
|
|a online resource
|b cr
|2 rdacarrier
|
| 500 |
|
|
|a Electronic resource.
|
| 504 |
|
|
|a Includes bibliographical references and index.
|
| 533 |
|
|
|a Electronic reproduction.
|b New York :
|c Springer,
|d 2010.
|n Mode of access: World Wide Web.
|n System requirements: Web browser.
|n Title from title screen (viewed on Feb. 18, 2010).
|n Access may be restricted to users at subscribing institutions.
|
| 650 |
|
0 |
|a Cultural pluralism
|v Case studies.
|
| 650 |
|
0 |
|a Cultural pluralism
|z Pacific Area.
|
| 650 |
|
0 |
|a Cultural pluralism
|z Southeast Asia.
|
| 650 |
|
0 |
|a Multiculturalism
|z Pacific Area.
|
| 650 |
|
0 |
|a Multiculturalism
|z Southeast Asia.
|
| 651 |
|
0 |
|a Pacific Area
|x Religion.
|
| 651 |
|
0 |
|a Southeast Asia
|x Religion.
|
| 655 |
|
7 |
|a Electronic books.
|2 local
|
| 700 |
1 |
|
|a Ling, Rod.
|0 http://id.loc.gov/authorities/names/no2005013487
|
| 700 |
1 |
|
|a Pratt, Douglas.
|0 http://id.loc.gov/authorities/names/nr88007793
|
| 710 |
2 |
|
|a SpringerLink (Online service)
|0 http://id.loc.gov/authorities/names/no2005046756
|
| 776 |
1 |
|
|c Original
|z 9789048133888
|z 9048133882
|z 9789048133895
|z 9048133890
|w (DLC) 2009942086
|w (OCoLC)436266450
|
| 856 |
4 |
0 |
|u http://proxy.library.tamu.edu/login?url=https://dx.doi.org/10.1007/978-90-481-3389-5
|z Connect to the full text of this electronic book
|t 0
|
| 994 |
|
|
|a 92
|b TXA
|
| 999 |
|
|
|a MARS
|
| 999 |
f |
f |
|s 4414c03b-dfe1-3c04-ab3e-6dca7dbd00a0
|i 4763e694-4f0a-3a98-b4dd-35fab53a98cf
|t 0
|
| 952 |
f |
f |
|a Texas A&M University
|b College Station
|c Electronic Resources
|d Available Online
|t 0
|e HM1271 .B686 2010
|h Library of Congress classification
|
| 998 |
f |
f |
|a HM1271 .B686 2010
|t 0
|l Available Online
|